书目信息 |
| 题名: |
环境风险
|
|
| 作者: | ;许振成 , 胡习邦 , 曾东 译 ;美国医学研究所 , 美国不确定性决策委员会 , 美国人口健康与公共卫生实践委员会 著 | |
| 分册: | ||
| 出版信息: | 北京 电子工业出版社 2018.02 |
|
| 页数: | 219页 | |
| 开本: | 26cm | |
| 丛书名: | 全球变化系列丛书 | |
| 单 册: | ||
| 中图分类: | X820.4 , X-017.12 | |
| 科图分类: | ||
| 主题词: | 环境管理--风险评价--美国 , 环境决策--研究--美国 | |
| 电子资源: | ||
| ISBN: | 978-7-121-33665-2 | |
| 000 | 01778oam2 2200361 450 | |
| 001 | 5646 | |
| 005 | 20181020111616.83 | |
| 010 | @a978-7-121-33665-2@dCNY69.00 | |
| 100 | @a20180513d2018 em y0chiy50 ea | |
| 101 | 1 | @achi@ceng |
| 102 | @aCN@b110000 | |
| 105 | @ay z 000yy | |
| 200 | 1 | @a环境风险@9huan jing feng xian@e面向不确定性的环境决策@dEnvironmental decisions in the face of uncertainty@f美国医学研究所(Institute of Medicine),美国不确定性决策委员会(Committee on Decision Making Under Uncertainty),美国人口健康与公共卫生实践委员会(Board on Population health and Public Health Practice)著@g许振成,胡习邦,曾东等译@zeng |
| 210 | @a北京@c电子工业出版社@d2018.02 | |
| 215 | @a219页@d26cm | |
| 225 | 1 | @a全球变化系列丛书 |
| 305 | @a由National Academies Press通过Andrew Nurnberg Associates International Limited授权出版 | |
| 330 | @a本书围绕美国环境风险评价和不确定性,不确定性技术经济因素下的环境决策,不确定性与环境决策,环境决策不确定性的具体化和不确定性沟通等方面展开论述。 | |
| 461 | 0 | @12001 @a全球变化系列丛书 |
| 510 | 1 | @aEnvironmental decisions in the face of uncertainty@zeng |
| 517 | 1 | @a面向不确定性的环境决策@9mian xiang bu que ding xing de huan jing jue ce |
| 606 | 0 | @a环境管理@x风险评价@y美国 |
| 606 | 0 | @a环境决策@x研究@y美国 |
| 690 | @aX820.4@v5 | |
| 690 | @aX-017.12@v5 | |
| 702 | 0 | @a许振成@9xu zhen cheng@4译 |
| 702 | 0 | @a胡习邦@9hu xi bang@4译 |
| 702 | 0 | @a曾东@9zeng dong@4译 |
| 711 | 02 | @a美国医学研究所@9mei guo yi xue yan jiu suo@4著 |
| 711 | 02 | @a美国不确定性决策委员会@9mei guo bu que ding xing jue ce wei yuan hui@4著 |
| 711 | 02 | @a美国人口健康与公共卫生实践委员会@9mei guo ren kou jian kang yu gong gong wei sheng shi jian wei yuan hui@4著 |
| 801 | 0 | @aCN@b91MARC@c20180513 |
| 905 | @aMuseLib@dX820.4@e284 | |
| 环境风险:面向不确定性的环境决策=Environmental decisions in the face of uncertainty/美国医学研究所(Institute of Medicine),美国不确定性决策委员会(Committee on Decision Making Under Uncertainty),美国人口健康与公共卫生实践委员会(Board on Population health and Public Health Practice)著/许振成,胡习邦,曾东等译.-北京:电子工业出版社,2018.02 |
| 219页;26cm.-(全球变化系列丛书) |
| ISBN 978-7-121-33665-2:CNY69.00 |
| 本书围绕美国环境风险评价和不确定性,不确定性技术经济因素下的环境决策,不确定性与环境决策,环境决策不确定性的具体化和不确定性沟通等方面展开论述。 |
| ● |
| 相关链接 |
|
|
|
|
正题名:环境风险
索取号:X820.4/284
 
预约/预借
| 序号 | 登录号 | 条形码 | 馆藏地/架位号 | 状态 | 备注 |
| 1 | 1130636 | 211306362 | 第二样本阅览室/ [索取号:X820.4/284] | 在馆 | |
| 2 | 1130637 | 211306371 | 第三借阅区/ [索取号:X820.4/284] | 在馆 | |
| 3 | 1130638 | 211306380 | 第三借阅区/ [索取号:X820.4/284] | 在馆 | |
| 4 | 1130639 | 211306399 | 第三借阅区/ [索取号:X820.4/284] | 在馆 | |
| 5 | 1130640 | 211306406 | 密集书库-生命科学系/ [索取号:X820.4/284] | 在馆 |